A secular age / (Record no. 8442)
[ view plain ]
| 000 -LEADER | |
|---|---|
| fixed length control field | 01326nam a22002297a 4500 |
| 003 - CONTROL NUMBER IDENTIFIER | |
| control field | GBCCL |
| 005 - DATE AND TIME OF LATEST TRANSACTION | |
| control field | 20241126110651.0 |
| 008 - FIXED-LENGTH DATA ELEMENTS--GENERAL INFORMATION | |
| fixed length control field | 210218b ||||| |||| 00| 0 eng d |
| 020 ## - INTERNATIONAL STANDARD BOOK NUMBER | |
| International Standard Book Number | 9780674026766 (alk. paper) |
| 020 ## - INTERNATIONAL STANDARD BOOK NUMBER | |
| International Standard Book Number | 0674026764 (alk. paper) |
| 040 ## - CATALOGING SOURCE | |
| Transcribing agency | GBC |
| 082 ## - DEWEY DECIMAL CLASSIFICATION NUMBER | |
| Classification number | 211.6 |
| Item number | TAY |
| 100 ## - MAIN ENTRY--PERSONAL NAME | |
| Personal name | Taylor, Charles, |
| Dates associated with a name | 1931- |
| 9 (RLIN) | 14791 |
| 245 ## - TITLE STATEMENT | |
| Title | A secular age / |
| Remainder of title | Charles Taylor. |
| 260 ## - PUBLICATION, DISTRIBUTION, ETC. | |
| Place of publication, distribution, etc. | Cambridge, Mass. : |
| Name of publisher, distributor, etc. | Belknap Press of Harvard University Press, |
| Date of publication, distribution, etc. | 2007. |
| 300 ## - PHYSICAL DESCRIPTION | |
| Extent | x, 874 p. ; |
| Other physical details | 24 cm. |
| 504 ## - BIBLIOGRAPHY, ETC. NOTE | |
| Bibliography, etc. note | Includes bibliographical references (p. [779]-851) and index. |
| 505 ## - FORMATTED CONTENTS NOTE | |
| Formatted contents note | The work of reform -- The bulwarks of belief -- The rise of the disciplinary society -- The great disembedding -- Modern social imaginaries -- The spectre of idealism -- The turning point -- Providential deism -- The impersonal order -- The nova effect -- The malaises of modernity -- The dark abyss of time -- The expanding universe of unbelief -- Nineteenth-century trajectories -- Narratives of secularization -- The age of mobilization -- The age of authenticity -- Religion today -- Conditions of belief -- The immanent frame -- Cross pressures -- Dilemmas 1 -- Dilemmas 2 -- Unquiet frontiers of modernity -- Conversions. |
| 650 ## - SUBJECT ADDED ENTRY--TOPICAL TERM | |
| Topical term or geographic name entry element | Secularism. |
| 9 (RLIN) | 1226 |
| 650 ## - SUBJECT ADDED ENTRY--TOPICAL TERM | |
| Topical term or geographic name entry element | Religion and culture. |
| 9 (RLIN) | 84 |
| 942 ## - ADDED ENTRY ELEMENTS (KOHA) | |
| Source of classification or shelving scheme | Dewey Decimal Classification |
| Koha item type | Books |
| Koha issues (borrowed), all copies | 1 |
| Withdrawn status | Lost status | Source of classification or shelving scheme | Damaged status | Not for loan | Home library | Current Library | Shelving location | Date acquired | Total checkouts | Full call number | Barcode | Date last seen | Date last checked out | Copy number | Price effective from | Koha item type |
|---|---|---|---|---|---|---|---|---|---|---|---|---|---|---|---|---|
| Dewey Decimal Classification | GRACE BIBLE COLLEGE | GRACE BIBLE COLLEGE | Philosophy and Religion | 2021-02-18 | 1 | 211.6 TAY | 015045 | 2025-05-01 | 2022-10-03 | c.1 | 2021-02-18 | Books |